|
|
|
|
| LEADER |
00000nab a2200000uu 4500 |
| 001 |
vtls010894637 |
| 003 |
SK-MaSNL |
| 005 |
20260303142157.0 |
| 008 |
230222|1966 xo |||||||||||||||||slo| |
| 015 |
|
|
|a SNBRB
|
| 035 |
|
|
|a (urnnbn)urn:nbn:sk:snk:ar-006gyi
|
| 035 |
|
|
|a (uuid)4684b5a2-2c7e-4aca-9878-eb0ddeb3daa7
|
| 035 |
|
|
|a urn:nbn:sk:snk-ab8nq0
|
| 040 |
|
|
|a SNKBUCL
|b slo
|c SNKBUCL
|e AACR2
|
| 041 |
0 |
|
|a slo
|
| 044 |
|
|
|a xo
|c SK
|
| 100 |
1 |
|
|a Komloš, Karol,
|d 1928-1997
|4 aut
|9 222642
|
| 245 |
1 |
0 |
|a PENETRÁTOR NA KONTROLU SPRACOVATEĽNOSTI BETÓNOVÝCH ZMESÍ
|c Karol Komloš
|
| 773 |
0 |
|
|t Stavebnícky časopis : mesačník pre teoretické problémy stavebných látok a konštrukcií
|g Roč. 14, č. 9 (1966), s. 563-572
|
| 954 |
|
|
|a odborná, vedecká literatúra pôvodná (slovenská)
|2 lita
|
| 958 |
|
|
|a OND
|
| 958 |
|
|
|a EUIPO
|
| 958 |
|
|
|a article10
|
| 999 |
|
|
|c 1981129
|d 1983059
|